[Event "EU-chT Children 16 years old"]
[Site "St Constantin and Helena"]
[Date "2010.06.19"]
[Round "6.1"]
[White "Lewicki, Michal"]
[Black "Losik, Pavel"]
[Result "0-1"]
[WhiteElo "1650"]
[BlackElo "1869"]
[PlyCount "68"]
[EventDate "2010.06.13"]
[EventType "team-swiss"]
[EventRounds "6"]
[EventCountry "BUL"]
[SourceTitle "EXT 2020"]
[Source "ChessBase"]
[SourceDate "2019.10.17"]
[SourceVersion "1"]
[SourceVersionDate "2019.10.17"]
[SourceQuality "1"]

1. e4 c5 2. Nf3 a6 3. d4 cxd4 4. Nxd4 Nf6 5. Nc3 e5 6. Nb3 Qc7 7. Be2 Bb4 8. Bd2 Bxc3 9. Bxc3 Nxe4 10. Bb4 Qb6 11. 0-0 Qxb4 12. Qd5 0-0 13. Bd3 Nf6 14. Qxe5 Nc6 15. Qe2 d5 16. a3 Qb6 17. Rfe1 Bg4 18. Qd2 Rfe8 19. Qf4 Bh5 20. Rad1 Bxd1 21. Rxd1 Ne5 22. Bf5 Ng6 23. Qf3 Re5 24. Bd3 Rae8 25. g3 Re1+ 26. Rxe1 Rxe1+ 27. Kg2 Ne5 28. Qf5 Nxd3 29. Qxd3 h6 30. Qc3 Re8 31. Nd2 Ne4 32. Nxe4 dxe4 33. Kf1 e3 34. f4 e2+ 0-1

[Event "EU-chT School U16 4th"]
[Site "Varna"]
[Date "2009.06.13"]
[Round "1.2"]
[White "Losik, Pavel"]
[Black "Kazimova, Narmin Nizami Qizi"]
[Result "0-1"]
[WhiteElo "1864"]
[BlackElo "2211"]
[PlyCount "38"]
[EventDate "2009.06.13"]
[EventType "team"]
[EventRounds "6"]
[EventCountry "BUL"]
[SourceTitle "EXT 2020"]
[Source "ChessBase"]
[SourceDate "2019.10.17"]
[SourceVersion "1"]
[SourceVersionDate "2019.10.17"]
[SourceQuality "1"]

1. d4 Nf6 2. c4 e6 3. Nf3 b6 4. e3 Bb7 5. Bd3 Ne4 6. 0-0 f5 7. Ne5 Nf6 8. Nc3 Bb4 9. Ne2 0-0 10. a3 Bd6 11. b4 Bxe5 12. dxe5 Ng4 13. Bb2 Nc6 14. Bc2 Ncxe5 15. Qd4 c5 16. bxc5 bxc5 17. Qc3 Qh4 18. h3 Rf6 19. Ng3 Nf3+ 0-1